| 000 | 01074nam a2200205Ia 4500 | ||
|---|---|---|---|
| 003 | OSt | ||
| 005 | 20210812152239.0 | ||
| 008 | 210310s1984 ck gr 000 0 spa d | ||
| 040 |
_aCO-JMCR _cCO-JMCR |
||
| 041 | 0 | _aspa | |
| 082 | 0 | 4 |
_a332.6 / _bB693i _223 |
| 110 | 2 |
_aBolsa de Bogotá _936239 |
|
| 245 | 0 |
_aInformación general / _cBolsa de Bogotá |
|
| 260 |
_aBogotá : _bOficinas de Divulgación, _c1984 |
||
| 300 |
_a54 páginas ; _c22x34 cm. |
||
| 505 | 0 | _a¿Qué es y que hace la Bolsa de Bogotá? -- Glosario de términos bursátiles -- Miembros activos de la Bolsa de Bogotá -- Requisitos para el ingreso como miembro en la Bolsa de Bogotá -- Requisitos para la inscripción de acciones -- Requisitos para la inscripción de otros valores -- Las operaciones en Bolsa -- Metodología de rentabilidad -- Títulos negociables inscritos -- Tarifa de comisiones en vigencia -- índice de precios Bolsa de Bogotá -- Volumen acumulado de operaciones | |
| 650 | 1 | 4 |
_aBolsa de valores _916947 _zColombia |
| 650 | 2 | 4 |
_aAcciones (Bolsa) _zColombia _939353 |
| 942 |
_2ddc _cBK |
||
| 999 |
_c8325 _d8325 |
||